| 000 | 01098nam a2200229 a 4500 | ||
|---|---|---|---|
| 001 | 000028901 | ||
| 003 | DO-SdBNP | ||
| 005 | 20250306130612.0 | ||
| 008 | 110412s1987 dr 000 0 spa d | ||
| 040 |
_aDO-SdBNP _bspa _cBNPHU |
||
| 082 |
_axxxx _bA815z |
||
| 100 | 1 |
_aAscuasiati de Alfau, Carmen _925870 |
|
| 245 | 1 | 0 |
_aZoonosis por hymenolepis diminuta en República Dominicana / _cCarmen Ascuasiati de Alfau, Aracelis Germán Rodríguez. |
| 260 |
_aSanto Domingo : _bUniversitaria , _c1987. |
||
| 300 |
_a18 p ; _c21 cm. |
||
| 490 | 1 |
_aPublicaciones de la Universidad Autónoma de Santo Domingo _vno. 584 . _aTemas de parásitología, _vno. 8 |
|
| 500 | _aTrabajo presentado en el 2 Congreso de Microbiología Santo Domingo, 1982 | ||
| 700 | 1 |
_aGermán Rodríguez, Aracelis _925875 |
|
| 710 | 1 |
_aUniversidad Autónoma de Santo Domingo _972951 _b Facultad de Ciencia, Departamento de Microbiología y Parasitología, Registro Nacional de Parásitos |
|
| 830 | 0 |
_aPublicaciones de la Universidad Autónoma de Santo Domingo ; _nno. 584 _pTemas de parásitología, _nno. 8 _955864 |
|
| 942 |
_2ddc _cLF2 |
||
| 999 |
_c28393 _d28393 |
||